[Event "XIII Miedzynarodowe Mistrzostwa Gdanska"]
[Site "Gdansk"]
[Date "2011.??.??"]
[Round "9.2"]
[White "Cyborowski, Lukasz"]
[Black "Jaroch, Pawel"]
[Result "1-0"]
[WhiteElo "2537"]
[BlackElo "2250"]
[PlyCount "85"]
[EventDate "2011.??.??"]

1. d4 Nf6 2. c4 c5 3. Nf3 e6 4. Nc3 d5 5. cxd5 Nxd5 6. e4 Nxc3 7. bxc3 cxd4 8.
cxd4 Bb4+ 9. Bd2 Qa5 10. Rb1 Bxd2+ 11. Qxd2 Qxd2+ 12. Kxd2 O-O 13. Bb5 b6 14.
Rhc1 Bb7 15. Ke3 Na6 16. Ne5 Rfc8 17. Nc4 Rd8 18. e5 Nc7 19. Nd6 Nxb5 20. Rxb5
Bd5 21. Rb2 Rd7 22. f4 f5 23. h3 g6 24. Rbc2 Rad8 25. a3 h6 26. g3 Kf8 27. Rc7
a6 28. Rxd7 Rxd7 29. Rc8+ Kg7 30. Ne8+ Kf7 31. Nf6 Rb7 32. Rh8 h5 33. Nxd5 Kg7
34. Rd8 exd5 35. Rxd5 Rc7 36. Kd3 Rc1 37. Rd7+ Kf8 38. Rd6 Ra1 39. Rxb6 Rxa3+
40. Kc4 Rxg3 41. d5 Rxh3 42. d6 Re3 43. Rb8+ 1-0

[Event "XIII Miedzynarodowe Mistrzostwa Gdanska"]
[Site "Gdansk"]
[Date "2011.??.??"]
[Round "9.3"]
[White "Olejarczyk, Bogdan"]
[Black "Grabarczyk, Miroslaw"]
[Result "1/2-1/2"]
[WhiteElo "2137"]
[BlackElo "2459"]
[PlyCount "101"]
[EventDate "2011.??.??"]

1. d4 d5 2. Nf3 Nf6 3. Bf4 c5 4. e3 Nc6 5. c3 Qb6 6. Qb3 c4 7. Qxb6 axb6 8. Be2
Bf5 9. O-O e6 10. Nbd2 b5 11. a3 h6 12. h3 Nd7 13. Ne5 Nb6 14. Rfc1 Na4 15. Ra2
Nxe5 16. Bxe5 f6 17. Bh2 Kf7 18. f3 Nxb2 19. e4 Bg6 20. Rxb2 Bxa3 21. Rcb1 Bxb2
22. Rxb2 Ra5 23. exd5 exd5 24. Bc7 b6 25. Bxb6 Ra1+ 26. Kf2 Re8 27. f4 Ra3 28.
Bf3 Bd3 29. Bxd5+ Kg6 30. Nf3 Rxc3 31. Rxb5 Rb3 32. Nh4+ Kh7 33. Rxb3 cxb3 34.
Bxb3 Rb8 35. f5 Rxb6 36. Be6 g5 37. fxg6+ Bxg6 38. Nxg6 Kxg6 39. Bg4 Rb2+ 40.
Be2 Kf5 41. Ke3 Rb3+ 42. Bd3+ Ke6 43. Ke4 f5+ 44. Ke3 Kd5 45. Ke2 f4 46. Bg6
Rg3 47. Bf7+ Kxd4 48. Kf2 Ra3 49. Bh5 Ke5 50. Bg4 Ra2+ 51. Kf3 1/2-1/2

[Event "XIII Miedzynarodowe Mistrzostwa Gdanska"]
[Site "Gdansk"]
[Date "2011.??.??"]
[Round "9.4"]
[White "Khamitskiy, Sergei"]
[Black "Machlowski, Slawomir"]
[Result "1-0"]
[WhiteElo "2316"]
[BlackElo "2159"]
[PlyCount "89"]
[EventDate "2011.??.??"]

1. d4 c5 2. d5 e6 3. c4 exd5 4. cxd5 d6 5. Nc3 Ne7 6. h4 h5 7. Bg5 f6 8. Bd2 g6
9. e4 Bg7 10. Bb5+ Kf7 11. a4 a6 12. Bc4 Nd7 13. f4 Nb6 14. Be2 Re8 15. a5 Nd7
16. Nf3 Kg8 17. O-O b5 18. axb6 Qxb6 19. Bc4 Qb8 20. Na4 Kh8 21. Bc3 Ng8 22.
Qc2 Nf8 23. b3 Nh6 24. Nb2 Ng4 25. Rfe1 Qb6 26. g3 Ra7 27. Kg2 Qc7 28. Bd3 Qd7
29. Nc4 Re7 30. Rad1 Bb7 31. b4 Ba8 32. bxc5 dxc5 33. Nb6 Qd8 34. Nxa8 Rxa8 35.
e5 Qe8 36. d6 Re6 37. d7 Qxd7 38. Bxg6 Qe7 39. Bxh5 f5 40. Qxf5 Nh6 41. Qe4 Rd8
42. f5 Rxd1 43. Rxd1 Rb6 44. Ng5 Rb3 45. f6 1-0

[Event "XIII Miedzynarodowe Mistrzostwa Gdanska"]
[Site "Gdansk"]
[Date "2011.??.??"]
[Round "9.5"]
[White "Kempinski, Tomasz"]
[Black "Zielinski, Stanislaw"]
[Result "1-0"]
[WhiteElo "2227"]
[BlackElo "2155"]
[PlyCount "81"]
[EventDate "2011.??.??"]

1. c4 g6 2. d4 Bg7 3. Nc3 Nf6 4. e4 d6 5. h3 O-O 6. Nf3 e5 7. d5 a5 8. Be3 Na6
9. Nd2 Nc5 10. g4 c6 11. g5 Nh5 12. Nb3 cxd5 13. Qxd5 Ne6 14. Nb5 a4 15. Nd2
Ra6 16. Nf3 Nhf4 17. Qd2 Nxg5 18. Nxg5 Qxg5 19. O-O-O Rd8 20. Nc7 Rc6 21. Nd5
Be6 22. h4 Qg4 23. Ne7+ Kh8 24. Nxc6 bxc6 25. Qa5 Bf6 26. Bb6 Rc8 27. Qc3 d5
28. f3 Qh5 29. Qe3 dxc4 30. Kb1 g5 31. Rc1 gxh4 32. Bxc4 Bxc4 33. Rxc4 h3 34.
Rc2 Rg8 35. Rxc6 Bg5 36. Qc3 f6 37. Rc8 Qg6 38. Qc4 Rxc8 39. Qxc8+ Kg7 40. Qd7+
Kh6 41. Be3 1-0

[Event "XIII Miedzynarodowe Mistrzostwa Gdanska"]
[Site "Gdansk"]
[Date "2011.??.??"]
[Round "9.6"]
[White "Kobus, Sebastian"]
[Black "Rybak, Tomasz"]
[Result "1-0"]
[WhiteElo "2104"]
[BlackElo "2222"]
[PlyCount "61"]
[EventDate "2011.??.??"]

1. e4 c5 2. Nf3 d6 3. d4 cxd4 4. Nxd4 Nf6 5. Nc3 a6 6. Bc4 e6 7. Qe2 Be7 8. f3
O-O 9. Be3 b5 10. Bb3 b4 11. Nd1 d5 12. e5 Nfd7 13. f4 Nb6 14. Qg4 a5 15. c3 a4
16. Bc2 Nc4 17. O-O g6 18. Rf3 a3 19. b3 Nxe3 20. Nxe3 bxc3 21. Rd1 Bd7 22. Qh3
Re8 23. Ng4 h5 24. Ne3 Bc5 25. Rg3 Bf8 26. Qxh5 Bg7 27. Bxg6 fxg6 28. Qxg6 Re7
29. Ng4 Be8 30. Nf6+ Kf8 31. Nxe6+ 1-0

[Event "XIII Miedzynarodowe Mistrzostwa Gdanska"]
[Site "Gdansk"]
[Date "2011.??.??"]
[Round "9.7"]
[White "Ulanowski, Karol"]
[Black "Renkowski, Piotr"]
[Result "1/2-1/2"]
[WhiteElo "1938"]
[BlackElo "1924"]
[PlyCount "65"]
[EventDate "2011.??.??"]

1. e4 c5 2. Nf3 e6 3. d4 d5 4. exd5 exd5 5. Bb5+ Bd7 6. Qe2+ Qe7 7. Qxe7+ Bxe7
8. Bxd7+ Nxd7 9. dxc5 Bxc5 10. O-O Ngf6 11. Nc3 O-O 12. Bg5 h6 13. Bh4 Bb4 14.
Ne2 Rfe8 15. Ned4 Bc5 16. Bxf6 Nxf6 17. Rad1 Re4 18. c3 Rae8 19. h3 a6 20. Rd3
Kf8 21. Rfd1 Bb6 22. Kf1 g6 23. g3 Nd7 24. R3d2 Ne5 25. Nxe5 R8xe5 26. Nf3 Rf5
27. Kg2 d4 28. Nxd4 Bxd4 29. cxd4 Rd5 30. Kf3 Re7 31. Rd3 Rf5+ 32. Kg2 Re2 33.
Rf1 1/2-1/2

[Event "XIII Miedzynarodowe Mistrzostwa Gdanska"]
[Site "Gdansk"]
[Date "2011.??.??"]
[Round "9.8"]
[White "Moszczenski, Milosz"]
[Black "Huseynov, Vusal"]
[Result "0-1"]
[WhiteElo "1631"]
[BlackElo "2178"]
[PlyCount "58"]
[EventDate "2011.??.??"]

1. d4 g6 2. c4 Bg7 3. e4 d6 4. Nc3 Nc6 5. Be3 e5 6. Nge2 Nf6 7. f3 O-O 8. d5
Ne7 9. Qd2 Nd7 10. g4 f5 11. gxf5 gxf5 12. Bh6 f4 13. Bxg7 Kxg7 14. O-O-O Ng6
15. Bh3 Qh4 16. Bf5 Nb6 17. Bxc8 Raxc8 18. b3 Nd7 19. Kc2 Kf7 20. Nc1 Qh3 21.
Qf2 a6 22. N1e2 Rg8 23. Rhg1 Nh4 24. Qa7 Rxg1 25. Rxg1 Nxf3 26. Qxb7 Nc5 27.
Qc6 Nxg1 28. Nxg1 Qd3+ 29. Kb2 Qd2+ 0-1

[Event "XIII Miedzynarodowe Mistrzostwa Gdanska"]
[Site "Gdansk"]
[Date "2011.??.??"]
[Round "9.9"]
[White "Szczepaniec, Stanislaw"]
[Black "Norov, Artem"]
[Result "1-0"]
[WhiteElo "2075"]
[BlackElo "1541"]
[PlyCount "95"]
[EventDate "2011.??.??"]

1. c4 e6 2. Nf3 d5 3. g3 Nf6 4. Bg2 c6 5. Qc2 Nbd7 6. O-O Be7 7. d4 O-O 8. Rd1
b6 9. b3 Bb7 10. Nc3 Ba6 11. Bb2 dxc4 12. Ne5 cxb3 13. axb3 Bb7 14. Nxc6 Bxc6
15. Bxc6 Rc8 16. Bg2 Qc7 17. Qd3 Qb8 18. e4 Rfd8 19. Qa6 Bb4 20. Nb5 Rc2 21.
Ba3 Bxa3 22. Nxa3 Rcc8 23. Nb5 Rc2 24. h3 h5 25. Qxa7 Qxa7 26. Nxa7 Rc3 27.
Rab1 Ra8 28. Nb5 Rc2 29. e5 Nd5 30. Be4 Re2 31. Bxd5 exd5 32. Nc3 Rc2 33. Nxd5
h4 34. gxh4 Re2 35. Re1 Rd2 36. Rbd1 Rb2 37. Re3 Ra3 38. Rdd3 Ra1+ 39. Kg2 Rbb1
40. Rg3 Rg1+ 41. Kf3 Rgf1 42. Nf6+ Nxf6 43. exf6 g6 44. d5 Ra2 45. Rg2 Kf8 46.
h5 gxh5 47. d6 Ke8 48. d7+ 1-0

[Event "XIII Miedzynarodowe Mistrzostwa Gdanska"]
[Site "Gdansk"]
[Date "2011.??.??"]
[Round "9.10"]
[White "Zielinski, Maciej"]
[Black "Czerw, Dawid"]
[Result "1/2-1/2"]
[WhiteElo "2060"]
[BlackElo "1784"]
[PlyCount "43"]
[EventDate "2011.??.??"]

1. e4 e6 2. d4 d5 3. Nd2 Nf6 4. e5 Nfd7 5. f4 c5 6. c3 Nc6 7. Ndf3 Qb6 8. Ne2
cxd4 9. cxd4 Be7 10. g3 f5 11. b3 a5 12. a4 Nb4 13. Be3 Nb8 14. Kf2 N8c6 15. h3
h5 16. Rg1 Bd7 17. Nc3 O-O-O 18. Rc1 Kb8 19. Be2 19... g6 $11 20. Qd2 Na7 21.
Na2 Nac6 22. Nc3 1/2-1/2

[Event "XIII Miedzynarodowe Mistrzostwa Gdanska"]
[Site "Gdansk"]
[Date "2011.??.??"]
[Round "9.12"]
[White "Posuniak, Kacper"]
[Black "Bugalski, Michal"]
[Result "1-0"]
[WhiteElo "1831"]
[BlackElo "2240"]
[PlyCount "37"]
[EventDate "2011.??.??"]

1. d4 d5 2. c4 e5 3. e3 exd4 4. Qxd4 Nc6 5. Qxd5 Qxd5 6. cxd5 Nb4 7. Na3 Nxd5
8. Nc2 Bf5 9. Nd4 Bg6 10. Bb5+ c6 11. Nxc6 a6 12. Nb4+ axb5 13. Nxd5 Be4 14.
Nc7+ Kd7 15. Nxa8 Bxg2 16. Bd2 Nf6 17. Nb6+ Kc6 18. Ba5 b4 19. Ne2 1-0

[Event "XIII Miedzynarodowe Mistrzostwa Gdanska"]
[Site "Gdansk"]
[Date "2011.??.??"]
[Round "9.14"]
[White "Dadello, Aleksandra"]
[Black "Marszk, Kazimierz"]
[Result "1/2-1/2"]
[WhiteElo "1811"]
[BlackElo "2076"]
[PlyCount "94"]
[EventDate "2011.??.??"]

1. e4 c6 2. d4 d5 3. Nc3 dxe4 4. Nxe4 Nd7 5. Ng5 Ngf6 6. Bd3 e6 7. N1f3 Nb6 8.
Ne5 Qxd4 9. Nexf7 Bc5 10. Qe2 O-O 11. c3 Qxf2+ 12. Qxf2 Bxf2+ 13. Kxf2 h6 14.
Nxh6+ gxh6 15. Nf3 e5 16. Re1 Re8 17. Bg6 Re7 18. Kg1 Kg7 19. Rxe5 Rxe5 20.
Nxe5 Be6 21. Bf4 Nfd5 22. Bg3 Rf8 23. Re1 Nf6 24. Bb1 Na4 25. Nxc6 Bf7 26. Ne7
Nxb2 27. Nf5+ Kg6 28. Bf4 Bc4 29. Re3 Rd8 30. Nd4+ Kf7 31. Bxh6 Nd1 32. Rg3 Rg8
33. Rxg8 Kxg8 34. Bd2 Nd5 35. Be4 Bxa2 36. Nb5 a6 37. Bxd5+ Bxd5 38. Nc7 Bc4
39. g4 a5 40. h4 a4 41. Bc1 Nxc3 42. Bb2 Ne4 43. Na8 b5 44. Nb6 Be2 45. Nd5
Bxg4 46. Kg2 Be6 47. Nb4 Nd2 1/2-1/2

[Event "XIII Miedzynarodowe Mistrzostwa Gdanska"]
[Site "Gdansk"]
[Date "2011.??.??"]
[Round "9.15"]
[White "Reza, Wojciech"]
[Black "Sieklucki, Adam"]
[Result "1-0"]
[WhiteElo "2026"]
[BlackElo "1848"]
[PlyCount "79"]
[EventDate "2011.??.??"]

1. e4 c5 2. Nf3 d6 3. c3 e6 4. d4 cxd4 5. cxd4 Nf6 6. Nc3 Be7 7. Bd3 a6 8. O-O
O-O 9. Qc2 Nc6 10. a3 e5 11. d5 Nb8 12. h3 Nbd7 13. Be3 Re8 14. Rfc1 Nf8 15. b4
Bd7 16. a4 a5 17. bxa5 Qxa5 18. Qb3 Rac8 19. Nd2 Qa8 20. Nc4 Qb8 21. Rcb1 Rc7
22. a5 Qa8 23. Qb6 Rec8 24. Qb4 Qa6 25. Nb2 Qa8 26. Ra3 Be8 27. Bb6 N8d7 28.
Bxc7 Rxc7 29. Nb5 Rc8 30. Nc4 Qa6 31. Nb6 Nxb6 32. Nc7 Nbxd5 33. Nxd5 Nxd5 34.
exd5 Qa8 35. a6 bxa6 36. Qe4 f5 37. Qxf5 Rc7 38. Qxh7+ Kf8 39. Bb5 Bxb5 40.
Qh8+ 1-0

[Event "XIII Miedzynarodowe Mistrzostwa Gdanska"]
[Site "Gdansk"]
[Date "2011.??.??"]
[Round "9.16"]
[White "Wierzbicka, Wiktoria"]
[Black "Bobryk, Konrad"]
[Result "1-0"]
[WhiteElo "2014"]
[BlackElo "1548"]
[PlyCount "67"]
[EventDate "2011.??.??"]

1. e4 c5 2. Nf3 d6 3. d4 cxd4 4. Nxd4 Nf6 5. Nc3 g6 6. Be3 Bg7 7. f3 O-O 8. Qd2
Nc6 9. O-O-O Bd7 10. Kb1 Rc8 11. g4 Ne5 12. h4 h5 13. g5 Ne8 14. f4 Ng4 15. Bg1
a6 16. Be2 b5 17. Nd5 Rb8 18. Rf1 Nc7 19. Bxg4 Bxg4 20. Nc6 Qd7 21. Nxb8 Rxb8
22. Nxc7 Qxc7 23. Bd4 Rc8 24. Bxg7 Kxg7 25. f5 a5 26. fxg6 fxg6 27. Qd4+ e5 28.
Qf2 Qe7 29. Qf6+ Qxf6 30. Rxf6 d5 31. exd5 Bf5 32. Rc6 Rxc6 33. dxc6 Be4 34. c7
1-0

[Event "XIII Miedzynarodowe Mistrzostwa Gdanska"]
[Site "Gdansk"]
[Date "2011.??.??"]
[Round "9.18"]
[White "Suliborski, Artur"]
[Black "Kanarkiewicz, Michal"]
[Result "0-1"]
[WhiteElo "1707"]
[BlackElo "1924"]
[PlyCount "70"]
[EventDate "2011.??.??"]

1. e4 c5 2. Nf3 d6 3. d4 cxd4 4. Nxd4 Nf6 5. Nc3 a6 6. Bg5 e6 7. f4 Qc7 8. Qf3
b5 9. f5 b4 10. Ncb5 axb5 11. Bxb5+ Bd7 12. fxe6 Bxb5 13. Nxb5 Qb7 14. e5 Qxf3
15. Nc7+ Kd8 16. gxf3 Kxc7 17. exf6 fxe6 18. Rg1 Nc6 19. O-O-O gxf6 20. Bxf6
Bh6+ 21. Kb1 Rhg8 22. c3 bxc3 23. Bxc3 Bf4 24. Rge1 e5 25. Re2 Rg6 26. b4 Kb6
27. Kb2 Nd4 28. Bxd4+ exd4 29. Kb3 Be3 30. a4 Rc8 31. Rd3 d5 32. Kb2 Rf8 33.
a5+ Kb5 34. Rc2 Rc6 35. Rxc6 Kxc6 0-1

[Event "XIII Miedzynarodowe Mistrzostwa Gdanska"]
[Site "Gdansk"]
[Date "2011.??.??"]
[Round "9.19"]
[White "Kotlowska, Anna"]
[Black "Mucha, Piotr"]
[Result "1/2-1/2"]
[WhiteElo "1689"]
[BlackElo "1867"]
[PlyCount "80"]
[EventDate "2011.??.??"]

1. e4 c5 2. Nc3 a6 3. f4 b5 4. Nf3 Bb7 5. d3 e6 6. g3 d5 7. Bg2 b4 8. Ne2 dxe4
9. Ne5 Nf6 10. O-O Nc6 11. Nxc6 Bxc6 12. f5 e5 13. Bg5 c4 14. Bxf6 Qb6+ 15. Kh1
gxf6 16. dxc4 h5 17. h3 Rd8 18. Qe1 Bh6 19. Rd1 Ke7 20. Nc1 Rxd1 21. Qxd1 Qe3
22. Qe1 Qxe1 23. Rxe1 Bxc1 24. Rxc1 Rd8 25. c3 Rd2 26. cxb4 Rxb2 27. a3 Rb3 28.
Kh2 Rxa3 29. Re1 Rb3 30. b5 axb5 31. cxb5 Rxb5 32. Bxe4 Rb2+ 33. Kg1 Bd7 34.
Rf1 Rb4 35. Re1 Rb3 36. Kg2 Rb2+ 37. Kg1 Rb8 38. h4 Rg8 39. Kf2 Kd6 40. Rd1+
Ke7 1/2-1/2

[Event "XIII Miedzynarodowe Mistrzostwa Gdanska"]
[Site "Gdansk"]
[Date "2011.??.??"]
[Round "9.20"]
[White "Kindler, Przemyslaw"]
[Black "Ciesielski, Tomasz"]
[Result "1-0"]
[WhiteElo "1666"]
[BlackElo "1858"]
[PlyCount "91"]
[EventDate "2011.??.??"]

1. e4 e6 2. d4 d5 3. exd5 exd5 4. Nf3 Bg4 5. Be2 Nf6 6. O-O Bd6 7. Bg5 Be7 8.
h3 Be6 9. Nbd2 O-O 10. Bf4 Ne4 11. Bd3 Bd6 12. Bxd6 Nxd6 13. Ne5 Nd7 14. f4 Bf5
15. Ndf3 Bxd3 16. Qxd3 f6 17. Ng4 c6 18. Rfe1 Ne4 19. c4 Qb6 20. a3 Rae8 21. b4
f5 22. Nge5 Nxe5 23. Nxe5 Qd8 24. Rad1 Kh8 25. c5 Qh4 26. Rf1 g5 27. fxg5 Qxg5
28. Qf3 Rxe5 29. dxe5 f4 30. Qg4 Qxe5 31. Rd3 Qg5 32. Rdf3 Qxg4 33. hxg4 Rf6
34. Rxf4 Kg7 35. Rxf6 Nxf6 36. Re1 Ne4 37. Kh2 b6 38. cxb6 axb6 39. Kh3 c5 40.
bxc5 bxc5 41. a4 c4 42. a5 Nc5 43. Rd1 Nb3 44. a6 c3 45. Rxd5 Kg6 46. Rd7 1-0

[Event "XIII Miedzynarodowe Mistrzostwa Gdanska"]
[Site "Gdansk"]
[Date "2011.??.??"]
[Round "9.21"]
[White "Parol, Pawel"]
[Black "Antolak, Julia"]
[Result "1-0"]
[WhiteElo "1918"]
[BlackElo "1509"]
[PlyCount "87"]
[EventDate "2011.??.??"]

1. e4 c5 2. Nf3 Nc6 3. c4 e5 4. d3 d6 5. Nc3 g6 6. h4 Bg4 7. Be2 Bg7 8. Ng5
Bxe2 9. Nxe2 h6 10. Nf3 Nf6 11. Ng3 a6 12. h5 b5 13. Nh4 g5 14. Nhf5 Bf8 15. b3
Nd4 16. Ne3 Ne6 17. Ngf5 17... Nf4 $11 18. g3 Ne6 19. Bd2 Nd4 20. Nxd4 cxd4 21.
Nd5 Nxd5 22. cxd5 Be7 23. g4 a5 24. Rc1 O-O 25. Rc6 Qd7 26. f3 Rfc8 27. Rxc8+
Qxc8 28. Ke2 28... Qc5 $11 29. Qb1 a4 30. Rc1 Qa7 31. Bb4 axb3 32. axb3 Qb7 33.
Rc6 Ra6 34. Qc2 Ra1 35. Rc8+ Kg7 36. Qc6 Qa7 37. Qe8 Ra2+ 38. Bd2 Rxd2+ 39.
Kxd2 Qa2+ 40. Ke1 Qa5+ 41. Kf1 Qa1+ 42. Kg2 Bd8 43. Qxd8 Qb2+ 44. Kg3 1-0

[Event "XIII Miedzynarodowe Mistrzostwa Gdanska"]
[Site "Gdansk"]
[Date "2011.??.??"]
[Round "9.22"]
[White "Wicikowska, Agata"]
[Black "Skrochocka, Justyna"]
[Result "0-1"]
[WhiteElo "1428"]
[BlackElo "2041"]
[PlyCount "92"]
[EventDate "2011.??.??"]

1. e4 c5 2. d3 Nc6 3. g3 g6 4. Bg2 Bg7 5. c3 d6 6. f4 Nf6 7. Nf3 O-O 8. O-O Rb8
9. a4 a6 10. Na3 b5 11. c4 bxc4 12. Nxc4 a5 13. Ne3 Qc7 14. Bd2 Rxb2 15. Bc3
Rb8 16. Qd2 Nb4 17. h3 Ba6 18. Ne1 Rfd8 19. Rf2 e6 20. e5 Ne8 21. Nc4 d5 22.
Na3 Bf8 23. Bf1 c4 24. d4 Nc6 25. Nec2 Rb3 26. Be2 Bb4 27. Bxb4 axb4 28. Nb5
Qb6 29. Bd1 Rxg3+ 30. Kh2 Rd3 31. Qe2 Bxb5 32. axb5 Qxb5 33. Qg4 b3 34. Ne1
Rxd4 35. Rb2 Qb4 36. Ng2 Na5 37. Qe2 c3 38. Rbb1 Rd2 39. Qe3 c2 40. Bxc2 Rxc2
41. Qa7 Qxf4+ 42. Kg1 Qg3 43. Qxf7+ Kxf7 44. Rf1+ Kg7 45. Rf7+ Kxf7 46. Kf1
Qf2# 0-1

[Event "XIII Miedzynarodowe Mistrzostwa Gdanska"]
[Site "Gdansk"]
[Date "2011.??.??"]
[Round "9.24"]
[White "Grabarczyk, Sylwester"]
[Black "Rycyk, Radoslaw"]
[Result "1-0"]
[WhiteElo "1971"]
[BlackElo "1699"]
[PlyCount "65"]
[EventDate "2011.??.??"]

1. e4 e6 2. d4 d5 3. Nc3 Bb4 4. e5 Ne7 5. Qg4 Nf5 6. Bd3 h5 7. Qf4 g5 8. Qxg5
Qxg5 9. Bxg5 Nxd4 10. a3 Be7 11. h4 Nd7 12. f4 Nc5 13. O-O-O Bd7 14. Nge2 Nxd3+
15. Rxd3 Nf5 16. Ng3 Ng7 17. Bxe7 Kxe7 18. f5 Ne8 19. Rf1 c6 20. Rdf3 Nc7 21.
Nce2 Rh7 22. f6+ Kd8 23. Nf4 Nb5 24. Ngxh5 Kc7 25. g4 Rg8 26. Rg3 Nd4 27. Rfg1
c5 28. Kd2 Be8 29. Nh3 Nc6 30. Ng5 Rh6 31. Nf3 Kd7 32. c3 Na5 33. Nf4 1-0

[Event "XIII Miedzynarodowe Mistrzostwa Gdanska"]
[Site "Gdansk"]
[Date "2011.??.??"]
[Round "9.25"]
[White "Belczewski, Jacek"]
[Black "Dobrowolski, Henryk"]
[Result "0-1"]
[WhiteElo "1355"]
[BlackElo "1907"]
[PlyCount "138"]
[EventDate "2011.??.??"]

1. c4 Nf6 2. Nc3 e5 3. g3 c6 4. Bg2 Be7 5. d3 O-O 6. Bg5 h6 7. Bxf6 Bxf6 8. Nf3
d5 9. Nd2 d4 10. Nce4 Be7 11. Nb3 f5 12. Ned2 a5 13. a4 c5 14. O-O Ra6 15. Qc2
Raf6 16. Rab1 b6 17. Qd1 Qd6 18. Na1 Bd7 19. b3 Bc6 20. Bxc6 Qxc6 21. f3 Rg6
22. Nc2 h5 23. Rf2 Bg5 24. Nf1 h4 25. Rg2 h3 26. Rf2 Nd7 27. e3 dxe3 28. Ncxe3
Qe6 29. Nd5 Nf6 30. Nxf6+ Bxf6 31. Re2 Rd8 32. Qc2 Qc6 33. Nd2 Qd6 34. Kf2 Qd4+
35. Kf1 Qxd3 36. Qxd3 Rxd3 37. Kf2 Bg5 38. Nf1 Re6 39. f4 Bf6 40. fxe5 Bxe5 41.
Ke1 Kf7 42. Kf2 g5 43. Ke1 Kf6 44. Kf2 Red6 45. Ke1 g4 46. Kf2 Bd4+ 47. Ke1 Rf3
48. Nd2 Bc3 49. Rd1 Bb4 50. Re8 Rxb3 51. Ke2 Bxd2 52. Rxd2 Rxd2+ 53. Kxd2 Rb2+
54. Ke3 Rxh2 55. Kf4 Rf2+ 56. Ke3 Rf3+ 57. Ke2 Rxg3 58. Kf2 Rb3 59. Rh8 h2 60.
Kg2 g3 61. Rh3 f4 62. Rh6+ Kg5 63. Re6 f3+ 64. Kxg3 h1=Q 65. Re5+ Kf6 66. Re4
Qg2+ 67. Kh4 Qg5+ 68. Kh3 f2+ 69. Kh2 Qg1# 0-1

[Event "XIII Miedzynarodowe Mistrzostwa Gdanska"]
[Site "Gdansk"]
[Date "2011.??.??"]
[Round "9.29"]
[White "Dzikowski, Michal"]
[Black "Szymanowski, Igor"]
[Result "1-0"]
[WhiteElo "1706"]
[BlackElo "1482"]
[PlyCount "57"]
[EventDate "2011.??.??"]

1. b3 e5 2. Bb2 Nc6 3. e3 d5 4. Bb5 Bd6 5. Nf3 f6 6. c4 dxc4 7. bxc4 Nge7 8.
Qc2 b6 9. O-O O-O 10. d4 exd4 11. Nxd4 Nxd4 12. exd4 c6 13. Ba4 Qc7 14. g3 Bh3
15. Re1 h5 16. c5 bxc5 17. dxc5 Qa5 18. Rc1 Be5 19. Bb3+ Kh8 20. Nd2 Bxb2 21.
Qxb2 f5 22. Nf3 Qb4 23. Rc4 Qb5 24. Ng5 Rab8 25. Qe2 Bg4 26. Qxe7 Rbe8 27. Qd6
Rf6 28. Qd7 Ref8 29. f3 1-0

[Event "XIII Miedzynarodowe Mistrzostwa Gdanska"]
[Site "Gdansk"]
[Date "2011.??.??"]
[Round "9.30"]
[White "Les, Czeslaw"]
[Black "Was, Grzegorz"]
[Result "1-0"]
[WhiteElo "1924"]
[BlackElo "1483"]
[PlyCount "43"]
[EventDate "2011.??.??"]

1. d4 d5 2. Nf3 Nc6 3. c4 dxc4 4. Nc3 e5 5. d5 Nce7 6. Nxe5 Nf6 7. e4 Ng6 8.
Nxg6 hxg6 9. Bxc4 Bb4 10. Qa4+ Bd7 11. Qxb4 b6 12. Bg5 a5 13. Qb3 Qe7 14. O-O
Rh5 15. Bf4 O-O-O 16. e5 Ng4 17. d6 Qh4 18. Ba6+ Kb8 19. dxc7+ Kxc7 20. e6+ Ne5
21. Qc4+ Bc6 22. Bxe5+ 1-0